Others were emeralds : (Record no. 12455)
[ view plain ]
| 000 -LEADER | |
|---|---|
| fixed length control field | 01679cam a22001938i 4500 |
| 020 ## - ISBN | |
| ISBN | 9780063304024 |
| 082 04 - DEWEY DECIMAL CLASSIFICATION NUMBER | |
| Classification number | Fic L487 2023 |
| 100 1# - MAIN ENTRY--PERSONAL NAME | |
| Personal name | Leav, Lang. |
| 245 10 - TITLE STATEMENT | |
| Title | Others were emeralds : |
| Remainder of title | a novel / |
| Statement of responsibility, etc. | by Lang Leav. |
| 260 ## - PUBLICATION, DISTRIBUTION, ETC. (IMPRINT) | |
| Place of publication, distribution, etc. | New York City : |
| Name of publisher, distributor, etc. | Harper Perennial, |
| Date of publication, distribution, etc. | c2023. |
| 300 ## - PHYSICAL DESCRIPTION | |
| Extent/Page number | 274 p. |
| 520 ## - SUMMARY, ETC. | |
| Summary, etc. | "The daughter of Cambodian refugees, Ai grew up in the small Australian town of Whitlam populated by Asian immigrants who once fled war-torn countries to rebuild their shattered lives. It is now the late 90's and despite their parent's harrowing past, Ai and her tightknit group of school friends: charismatic Brigitte, sweet, endearing Bowie, shy, inscrutable Tin, and politically minded Sying, lead seemingly ordinary lives, far removed from the unimaginable horrors suffered by their parents. But that carefree innocence is shattered in their last year of school when Ai and her friends encounter a pair of racist men whose cruel acts of intimidation spiral into senseless violence. Grappling with the magnitude of her grief at such a young age, Ai leaves Whitlam for college before her trauma has a chance to fully resolve. In her second year of college Ai suffers a mental health crisis, driving her back home to Whitlam, a place she swore never to return. There, she reconnects with those she left behind and together they are compelled to look back on the tragedy that shaped their adolescence and examine the role they may have unwittingly played"-- |
| Assigning source | Provided by publisher. |
| 526 ## - STUDY PROGRAM INFORMATION NOTE | |
| PROGRAM TYPE | FICTION |
| 650 ## - SUBJECT ADDED ENTRY--TOPICAL TERM | |
| Topical term or geographic name as entry element | Families--Fiction. |
| 650 ## - SUBJECT ADDED ENTRY--TOPICAL TERM | |
| Topical term or geographic name as entry element | Racism--Fiction. |
| 650 ## - SUBJECT ADDED ENTRY--TOPICAL TERM | |
| Topical term or geographic name as entry element | Refugees--Fiction. |
| 650 ## - SUBJECT ADDED ENTRY--TOPICAL TERM | |
| Topical term or geographic name as entry element | Social problem--Fiction |
| 942 ## - ADDED ENTRY ELEMENTS | |
| Classification | |
| Item type | Book |
| Withdrawn status | Lost status | Source of classification or shelving scheme | Damaged status | Not for loan | Collection code | Permanent Location | Current Location | Shelving location | Date acquired | Source of acquisition | Cost, normal purchase price | Inventory number | Total Checkouts | Full call number | Barcode | Date last seen | Date last checked out | Copy number | Cost, replacement price | Price effective from | Item type |
|---|---|---|---|---|---|---|---|---|---|---|---|---|---|---|---|---|---|---|---|---|---|
| Fiction | High School Library | High School Library | 2023-10-24 | Library Budget | 999.00 | 7614 | 5 | Fic L487 2023 | HS7614 | 2025-06-25 | 2025-06-25 | 1 | 1199.00 | 2023-10-24 | Book |